| 000 | 00446nam a22001937a 4500 | ||
|---|---|---|---|
| 003 | MPLRDC | ||
| 005 | 20220104144538.0 | ||
| 008 | 210129b ||||| |||| 00| 0 eng d | ||
| 020 | _a957-607-643-9 | ||
| 082 | _a177.2 DCZ c.2 | ||
| 100 | _a戴晨志 著 | ||
| 245 |
_a受用一生的智慧 _c |
||
| 250 | _a初版 | ||
| 260 |
_a _b圆神 _c2001 |
||
| 300 | _b平 | ||
| 490 | _a戴晨志的书; 1 | ||
| 650 | _a | ||
| 942 |
_cBK _o177.2 DCZ c.2 |
||
| 999 |
_c50652 _d50642 |
||